Mariša (Record no. 20957)
[ view plain ]
| 000 -LEADER | |
|---|---|
| fixed length control field | 00971nam a2200349 a 4500 |
| 001 - CONTROL NUMBER | |
| control field | 20957 |
| 003 - CONTROL NUMBER IDENTIFIER | |
| control field | VRT |
| 005 - DATE AND TIME OF LATEST TRANSACTION | |
| control field | 20260207114548.0 |
| 008 - FIXED-LENGTH DATA ELEMENTS--GENERAL INFORMATION | |
| fixed length control field | 000531s1943 xo 000 d slo c |
| 035 ## - SYSTEM CONTROL NUMBER | |
| System control number | UKB000253341 |
| 040 ## - CATALOGING SOURCE | |
| Original cataloging agency | BAA001 |
| Language of cataloging | slo |
| Transcribing agency | BAA001 |
| Description conventions | AACR2 |
| 041 1# - LANGUAGE CODE | |
| Language code of text/sound track or separate title | slo |
| Language code of original | cze |
| 044 ## - COUNTRY OF PUBLISHING/PRODUCING ENTITY CODE | |
| MARC country code | xo |
| ISO country code | SK |
| 080 ## - UNIVERSAL DECIMAL CLASSIFICATION NUMBER | |
| Universal Decimal Classification number | 885.0-2 |
| 100 1# - MAIN ENTRY--PERSONAL NAME | |
| Personal name | Mrštík, Alois |
| 245 00 - TITLE STATEMENT | |
| Title | Mariša |
| Remainder of title | dráma v 5 dejstvách |
| Statement of responsibility, etc. | Al. a V. Mrštík ; prel. A. Halaša |
| 250 ## - EDITION STATEMENT | |
| Edition statement | 5. vyd |
| 260 ## - PUBLICATION, DISTRIBUTION, ETC. | |
| Place of publication, distribution, etc. | Martin |
| Name of publisher, distributor, etc. | Matica slov. |
| Date of publication, distribution, etc. | 1943 |
| 300 ## - PHYSICAL DESCRIPTION | |
| Extent | 89 s |
| 490 1# - SERIES STATEMENT | |
| Series statement | Divadelná knižnica |
| Volume/sequential designation | sv. 60 |
| 500 ## - GENERAL NOTE | |
| General note | Ústr. slov. ochot. div |
| 650 07 - SUBJECT ADDED ENTRY--TOPICAL TERM | |
| Topical term or geographic name entry element | literatúra česká |
| General subdivision | hry divadelné |
| 650 07 - SUBJECT ADDED ENTRY--TOPICAL TERM | |
| Topical term or geographic name entry element | hry divadelné české |
| 653 ## - INDEX TERM--UNCONTROLLED | |
| Uncontrolled term | 885.0-2 |
| 700 1# - ADDED ENTRY--PERSONAL NAME | |
| Personal name | Mrštík, Vilém |
| Relationship | aut |
| 700 1# - ADDED ENTRY--PERSONAL NAME | |
| Personal name | Halaša, A. |
| Relationship | trl |
| 760 1# - MAIN SERIES ENTRY | |
| Title | Divadelná knižnica |
| 830 #0 - SERIES ADDED ENTRY--UNIFORM TITLE | |
| Uniform title | Divadelná knižnica |
| Volume/sequential designation | sv. 60 |
| 910 ## - USER-OPTION DATA (OCLC) | |
| User-option data | ukb |
| 942 ## - ADDED ENTRY ELEMENTS (KOHA) | |
| Source of classification or shelving scheme | Dewey Decimal Classification |
| Koha item type | Krásna literatúra pre dospelých |
| Suppress in OPAC | No |
| 949 ## - LOCAL PROCESSING INFORMATION (OCLC) | |
| 6 | 1800071548 |
| a | S.G.16739 |
| b | NA.76-2000 |
| Stav vyradenia | Strata | Poškodenie | Spôsob nadobudnutia | Domovská knižnica | Aktuálna knižnica | Dátum nadobudnutia | Total checkouts | Čiarový kód exemplára | Date last seen | Typ exemplára | Verejná poznámka |
|---|---|---|---|---|---|---|---|---|---|---|---|
| Dar | Obecná knižnica Horná Štubňa | Obecná knižnica Horná Štubňa | 07.02.2026 | 4736201128 | 07.02.2026 | Krásna literatúra pre dospelých | divadelná hra |
